| 000 | 00602 a2200193 4500 | ||
|---|---|---|---|
| 999 |
_c5223 _d5223 |
||
| 020 | _a9780091929589 (pbk.) | ||
| 050 | 0 | 0 | _aRJ 131 FOR 2009 |
| 100 | 1 | _aFord, Gina. | |
| 245 | 1 | 4 |
_aThe contented baby with toddler book / _cGina Ford. |
| 264 |
_aLondon : _bVermilion, _c2009 |
||
| 300 |
_axiii, 338 p. : _bill. ; |
||
| 500 | _aincludes index. | ||
| 504 | _aIncludes bibliographical references. | ||
| 650 | 0 |
_aInfants _xCare. |
|
| 650 | 0 |
_aToddlers _xCare. |
|
| 650 | 0 | _aNewborn infants | |
| 942 |
_2lcc _cBK _h131 _iFOR _kRJ |
||